000 00531nam a2200205Ia 4500
005 20221012095729.0
008 131103s9999 xx 000 0 und d
020 _a81-269-0232-9
_cRs.595
040 _aLoreto College
041 _aEnglish
082 _a150.724
_bSHA
100 _aSharma,Ram Nath
245 _aExperimental psychology
_cRam Nath Sharma and Rachana Sharma
260 _aNew Delhi
_bAtlantic
_c2003
300 _a336p.
650 _aPsychology
700 _aSharma,Rachana
850 _aLCLIB
942 _cBK
999 _c14402
_d64881